000 00852nam a2200217 i 4500
001 48354
003 ES-MaACL
005 20250729081429.0
007 t|
008 950717s1888 fr |||| |bfre d
245 0 3 _aLa vie et la correspondance de Charles Darwin
_b: avec un capitre autobiographique /
_cpubliés par son fils M. Francis Darwin ; traduit de l'anglais par Henry C. de Varigny...
260 _aParis :
_bC. Reinwald,
_c1888 (
_fTyp. Firmin Didot)
300 _a2 v. ;
_c23 cm.
600 1 4 _aDarwin, Charles,
_d1809-1882-
_xBiografías
_942771
600 1 4 _aDarwin, Charles,
_d1809-1882-
_xCorrespondencia
_942772
700 1 _aDarwin, Francis.
_942773
700 1 _aDarwin, Charles,
_d1809-1882
_942770
700 1 _aVarigny, Henry Crosnier de (
_d1855-1934?)
_9157468
852 _aES-MaACL
_jB-1650-51
999 _c48354
_d48354